[Event "6th Altibox Norway Chess 2018"]
[Site "Stavanger"]
[Date "2018.05.30"]
[Round "3.4"]
[White "Mamedyarov, Shakhriyar"]
[Black "Karjakin, Sergey"]
[Result "1/2-1/2"]
[WhiteElo "2808"]
[BlackElo "2782"]
[Annotator "TA"]
[PlyCount "55"]
[EventDate "2018.05.26"]
[EventType "tourn"]
[EventRounds "9"]
[EventCountry "NOR"]
[SourceTitle "playchess.com"]
[Source "ChessBase"]
[SourceQuality "1"]

{[%evp 24,55,0,0,0,0,0,0,0,0,0,0,0,0,0,0,0,0,0,0,0,0,0,0,0,0,0,0,0,0,0,0,0,0]} 1. e4 e5 2. Nf3 Nc6 3. Bc4 Bc5 4. c3 Nf6 5. d3 d6 6. O-O h6 7. Re1 O-O 8. h3 a5 {C54: Giuoco Piano: 4 c3 Nf6, main lines with 5 d4 and 5 d3} 9. Nbd2 {[%cal Bb1d2,Bd2f1,Bf1g3][%mdl 32]} Be6 10. Bb5 (10. b3 Ba7 11. Nf1 d5 12. exd5 Nxd5 13. Bd2 Qf6 14. N1h2 Rad8 15. Ng4 Bxg4 16. hxg4 {½-½ (27) Karjakin,S (2778)-Ding,L (2778) Shamkir 2018}) 10... Qb8 11. Nf1 Qa7 12. Re2 a4 13. Ng3 {LiveBook: 3 Games. The position is equal.} Qa5 14. Bxc6 bxc6 15. Nh4 {[#]} Rfe8 $146 ({Predecessor:} 15... Kh7 16. Nhf5 {½-½ (50) Salomon,J (2503)-Aleksandrov,A (2618) Moscow 2018}) 16. Re1 Kh7 17. Qf3 d5 18. exd5 Bxd5 19. Qf5+ g6 $1 {[%cal Rg6f5]} 20. Nxg6 fxg6 21. Qxf6 Rf8 22. Qh4 $1 {[%cal Rh4h6]} g5 $1 (22... Bxf2+ 23. Kh2 $16) 23. Bxg5 $1 Rxf2 24. Qxh6+ Kg8 25. Qg6+ Kh8 {[#] Hoping for ...Rf6+.} 26. Qh6+ Kg8 27. Qg6+ Kh8 {Strongly threatening ...Rf6+.} 28. Qh6+ {Precision: White = 92%, Black = 100%.} 1/2-1/2

[Event "6th Altibox Norway Chess 2018"]
[Site "Stavanger"]
[Date "2018.05.30"]
[Round "3.5"]
[White "Vachier-Lagrave, Maxime"]
[Black "Caruana, Fabiano"]
[Result "1/2-1/2"]
[WhiteElo "2789"]
[BlackElo "2822"]
[Annotator "TA"]
[PlyCount "80"]
[EventDate "2018.05.26"]
[EventType "tourn"]
[EventRounds "9"]
[EventCountry "NOR"]
[SourceTitle "playchess.com"]
[Source "ChessBase"]
[SourceQuality "1"]

{[%evp 21,80,18,16,0,0,0,0,0,0,6,0,3,0,0,0,0,0,23,9,0,0,0,0,0,0,0,2,0,22,16,19,16,37,0,0,0,0,0,0,0,0,0,0,0,0,-6,-6,-6,-6,-6,-6,-6,0,0,0,0,0,0,5,-52,5]} 1. e4 e5 2. Nf3 Nf6 3. Nxe5 d6 4. Nf3 Nxe4 5. d4 d5 6. Bd3 Bd6 7. O-O O-O 8. c4 c6 9. Nc3 Nxc3 10. bxc3 dxc4 11. Bxc4 Bf5 12. Ng5 {C42: Petroff Defence: 3 Nxe5 and unusual White 3rd moves} (12. Re1 Nd7 13. Bg5 Qa5 14. Qb3 b5 15. Bf1 Rfe8 16. c4 Be6 17. Qc2 bxc4 18. Bxc4 Bxc4 19. Qxc4 Qd5 {½-½ (30) Anand,V (2783)-Caruana,F (2807) Saint Louis 2017}) 12... h6 13. Qf3 Bg6 14. Ne4 {The position is equal.} Bxh2+ 15. Kxh2 Qh4+ 16. Qh3 Qxh3+ $1 17. gxh3 {[#] aiming for Nd6.} Bxe4 18. Rg1 {Threatens to win with Bxh6.} Re8 19. Bxh6 g6 20. Rge1 $146 Nd7 21. Bf1 Bf5 22. c4 Nf6 23. a4 {[%cal Ba2a4,Ba4a5][%mdl 32]} Rad8 24. Bg5 Kg7 25. Rxe8 Rxe8 26. a5 Rd8 27. Be3 (27. a6 $5 {[%cal Ra6b7]} b6 28. Bg2 $11) 27... a6 28. Ra4 Ng8 29. Rb4 Rd7 30. Bg2 {White wants to play d5.} Ne7 31. h4 Be6 32. Be4 Nf5 33. d5 cxd5 34. cxd5 Bxd5 35. Bxf5 gxf5 $11 {KRB-KRB} 36. Rd4 Bc6 37. Rxd7 Bxd7 38. h5 Kh7 39. Kg3 Be6 40. Kf4 (40. Bd4 $11) 40... Bd7 {Precision: White = 70%, Black = 69%.} (40... Kh6 $15) 1/2-1/2

[Event "6th Altibox Norway Chess 2018"]
[Site "Stavanger"]
[Date "2018.06.01"]
[Round "4.2"]
[White "Karjakin, Sergey"]
[Black "Vachier-Lagrave, Maxime"]
[Result "1-0"]
[WhiteElo "2782"]
[BlackElo "2789"]
[Annotator "TA"]
[PlyCount "75"]
[EventDate "2018.05.26"]
[EventType "tourn"]
[EventRounds "9"]
[EventCountry "NOR"]
[SourceTitle "playchess.com"]
[Source "ChessBase"]
[SourceQuality "1"]

{[%evp 27,75,31,16,22,22,14,18,6,6,10,12,12,12,12,12,11,12,12,12,12,14,12,41,25,145,139,147,145,147,128,113,124,132,135,106,128,156,139,127,97,543,537,529,519,1056,983,2539,2551,2082,1975]} 1. d4 Nf6 2. c4 g6 3. Nc3 d5 4. cxd5 Nxd5 5. e4 Nxc3 6. bxc3 Bg7 7. Bc4 c5 8. Ne2 Nc6 9. Be3 O-O 10. O-O b6 11. dxc5 {D87: Exchange Grünfeld: Classical Line: Variations without ...cxd4} (11. Rc1 Bb7 12. Qd2 e6 13. Rfd1 Qd7 14. h4 Rac8 15. h5 Na5 16. Bd3 f5 17. e5 c4 18. Bb1 Rfe8 {0-1 (40) Salem,A (2656)-Vachier Lagrave,M (2804) Doha 2016}) 11... Qc7 12. Nd4 Ne5 13. Nb5 Qb8 14. Be2 bxc5 {LiveBook: 9 Games} 15. Rb1 a6 {[#]} 16. Na3 $146 ({Predecessor:} 16. Nd4 Qc7 17. Nb3 Rd8 18. Qc2 {½-½ (18) Roubaud,D (2559)-Dothan,Y (2575) ICCF email 2016}) 16... Qc7 17. f4 Rd8 18. Qc2 Ng4 19. Bxg4 Bxg4 20. f5 gxf5 21. Nc4 e6 22. h3 Bh5 $1 {Strongly threatening ...fxe4.} 23. exf5 exf5 24. Bg5 f4 25. Qf2 f3 (25... Re8 $11) 26. Bxd8 $16 Rxd8 27. Qh4 $1 $36 {[%cal Rh4h5][%mdl 2048] White is really pushing.} fxg2 28. Rfe1 $1 {[%cal Re1e7,Bf1e1,Be1e3,Be3g3][%mdl 32]} Bf3 29. Re3 {[%mdl 1024] White has strong compensation.} Bc6 30. Rbe1 Rf8 31. Ne5 {[%cal Bc4e5,Be5d3,Bd3f4][%mdl 32] aiming for Rg3.} Bd5 {[#]} 32. Rg3 $1 {Intending Qf6 and mate.} f6 33. Nd3 {Nf4 is the strong threat.} Bxa2 $2 {[%mdl 8192]} (33... Kh8 $16) 34. c4 $18 {White is clearly winning.} Qd6 35. Nf4 {Hoping for Nh5.} Qd4+ (35... Bxc4 $142 36. Nh5 Kh8 37. Rxg7 Bd3 38. Rxg2 Bf5) 36. Kh2 Bxc4 37. Qh6 {[%csl Gg3][%cal Rh6g7]} f5 {[#]} 38. Nh5 $1 {Precision: White = 98%, Black = 46%.} 1-0

[Event "6th Altibox Norway Chess 2018"]
[Site "Stavanger"]
[Date "2018.06.01"]
[Round "4.3"]
[White "Aronian, Levon"]
[Black "Mamedyarov, Shakhriyar"]
[Result "1-0"]
[WhiteElo "2764"]
[BlackElo "2808"]
[Annotator "TA"]
[PlyCount "111"]
[EventDate "2018.05.26"]
[EventType "tourn"]
[EventRounds "9"]
[EventCountry "NOR"]
[SourceTitle "playchess.com"]
[Source "ChessBase"]
[SourceQuality "1"]

{[%evp 31,111,8,10,11,16,20,13,18,41,38,40,24,58,43,79,78,84,82,85,87,83,75,73,73,73,73,74,73,79,79,79,79,74,77,70,76,77,58,99,99,108,109,127,60,85,28,82,79,113,72,72,72,72,72,72,72,72,72,72,72,72,72,72,72,72,73,73,74,76,71,77,73,132,130,126,119,130,129,118,118,100,91]} 1. d4 Nf6 2. c4 g6 3. Nc3 d5 4. cxd5 Nxd5 5. e4 Nxc3 6. bxc3 Bg7 7. Bc4 c5 8. Ne2 O-O 9. O-O Nc6 10. Be3 Na5 11. Bd3 b6 12. Rc1 e5 {D87: Exchange Grünfeld: Classical Line: Variations without ...cxd4} 13. dxc5 Be6 14. c4 bxc5 15. Bxc5 Bh6 16. Rc3 Re8 {LiveBook: 13 Games} 17. Qc2 Qc7 18. Ba3 {[%cal Bc5a3,Ba3c1,Bc1g5][%mdl 32]} Rab8 {[#]} 19. h3 $146 ({Predecessor:} 19. c5 Red8 20. c6 {0-1 (41) Van Wely,L (2677)-Shirov,A (2740) Foros 2008}) 19... Red8 20. Bc1 Bf8 21. Bg5 Rd7 22. c5 h6 23. Be3 Nc6 {Threatening ...Nb4.} 24. Bc4 $1 Nd4 25. Bxd4 $1 exd4 26. Bxe6 dxc3 27. Bxd7 Qxd7 28. Nxc3 {Hoping for Nd5.} Qd4 29. c6 Qc4 30. Rc1 {And now Nd5 would win.} Qxc6 31. Nd5 Qxc2 32. Rxc2 $16 {[%mdl 4096] Endgame KRB-KRN} Rb1+ 33. Kh2 Kg7 34. f4 Re1 35. e5 g5 36. g3 Rd1 37. Ne3 (37. Nf6 $16) 37... Rd3 $14 38. Ng4 (38. Nf5+ $1 $16 Kh7 39. Kg2) 38... Be7 (38... gxf4 $11 {remains equal.} 39. gxf4 Bb4) 39. f5 {Strongly threatening f6+.} Bd8 40. f6+ Kh7 41. e6 $1 {[%cal Re6f7]} fxe6 42. Rf2 $1 {f7 is the strong threat.} Bc7 43. f7 $1 {[%cal Rf7f8]} Bxg3+ 44. Kg2 $1 ({Reject} 44. Kh1 Bd6 $11) 44... Bd6 {White must now prevent ...Kg7.} 45. f8=Q Bxf8 46. Rxf8 $16 {aiming for Rf7+. KRN-KR} Ra3 47. Rf2 Kg6 48. Re2 Kh5 49. Nf6+ Kg6 50. Ne4 e5 51. Rc2 Kf5 (51... Ra6 $142) 52. Ng3+ Ke6 {White is better.} 53. Rf2 $1 Kd5 {[#]} 54. Nf5 $1 {[%cal Rf5h6]} Ra6 {[#]} 55. Kf3 $1 e4+ 56. Kg4 {Precision: White = 80%, Black = 71%.} 1-0

[Event "6th Altibox Norway Chess 2018"]
[Site "Stavanger"]
[Date "2018.06.01"]
[Round "4.4"]
[White "Nakamura, Hikaru"]
[Black "Carlsen, Magnus"]
[Result "1/2-1/2"]
[WhiteElo "2769"]
[BlackElo "2843"]
[Annotator "TA"]
[PlyCount "66"]
[EventDate "2018.05.26"]
[EventType "tourn"]
[EventRounds "9"]
[EventCountry "NOR"]
[SourceTitle "playchess.com"]
[Source "ChessBase"]
[SourceQuality "1"]

{[%evp 22,66,12,10,25,7,11,4,5,0,5,5,7,7,0,0,0,0,0,0,0,0,7,0,0,0,0,0,0,0,0,0,0,0,0,0,0,0,0,0,0,0,0,0,0,0,0]} 1. d4 Nf6 2. c4 e6 3. Nf3 d5 4. Nc3 Be7 5. Bg5 h6 6. Bh4 O-O 7. e3 Nbd7 8. Be2 dxc4 9. Bxc4 a6 10. a4 c5 11. O-O cxd4 12. Nxd4 {LiveBook: 3 Games} Nb6 {D60: Queen's Gambit Declined: Classical: Unusual White 7th moves} 13. Be2 (13. Bb3 Nbd5 14. Nxd5 Nxd5 15. Bxe7 Nxe7 16. Bc2 Bd7 17. Qd3 g6 18. Rfd1 Rc8 19. Qb3 Qc7 20. Be4 {0-1 (53) Salem,A (2638)-Karjakin,S (2760) Riadh 2017}) 13... Nbd5 {The position is equal.} 14. Nxd5 Nxd5 15. Bxe7 Qxe7 16. Qb3 b6 $146 ({Predecessor:} 16... Nf6 17. Rfd1 e5 18. Nf3 Be6 19. Qa3 Qxa3 20. Rxa3 {1-0 (44) Monteiro,M-Babo,M Portugal 1996}) 17. Bf3 Bb7 18. Nf5 exf5 19. Bxd5 Bxd5 20. Qxd5 Qf6 21. Qb3 Rad8 22. Rfd1 Rxd1+ 23. Rxd1 Rd8 24. Rxd8+ Qxd8 $11 {[%mdl 4096] Endgame KQ-KQ} 25. g3 g6 26. h4 h5 27. Qc4 a5 28. b3 Qd1+ 29. Kg2 Qd7 30. Kf1 Qd1+ 31. Kg2 Qd7 32. Kf1 Qd1+ 33. Kg2 Qd7 1/2-1/2

[Event "6th Altibox Norway Chess 2018"]
[Site "Stavanger"]
[Date "2018.06.01"]
[Round "4.5"]
[White "Anand, Viswanathan"]
[Black "So, Wesley"]
[Result "1/2-1/2"]
[WhiteElo "2760"]
[BlackElo "2778"]
[Annotator "TA"]
[PlyCount "70"]
[EventDate "2018.05.26"]
[EventType "tourn"]
[EventRounds "9"]
[EventCountry "NOR"]
[SourceTitle "playchess.com"]
[Source "ChessBase"]
[SourceQuality "1"]

{[%evp 26,70,17,11,35,5,24,0,7,13,17,0,0,0,14,12,10,9,6,0,0,0,0,0,0,0,0,0,0,0,0,0,0,0,0,0,0,0,0,0,0,0,0,0,0,0,0]} 1. c4 Nf6 2. Nc3 e5 3. Nf3 Nc6 4. g3 d5 5. cxd5 Nxd5 6. Bg2 Nb6 7. O-O Be7 8. d3 O-O 9. Be3 Be6 10. Rc1 Nd5 {A29: English Opening: Four Knights Variation with 4 g3} (10... f5 11. a3 Kh8 12. b4 a6 13. Re1 Qe8 14. Qd2 Bd6 15. Bxb6 cxb6 16. d4 exd4 17. Nxd4 Rd8 18. Nxe6 Qxe6 19. Qa2 Qh6 {0-1 (38) Aronian,L (2809)-Harikrishna,P (2737) Geneva 2017}) 11. Nxd5 Bxd5 12. Qc2 Re8 13. a3 a5 14. Qa4 {LiveBook: 8 Games} Bd6 {[#]} 15. Ng5 $146 ({Predecessor:} 15. Nd2 Ne7 16. Bxd5 Nxd5 17. Qb5 Bf8 18. Bc5 b6 19. Bxf8 Kxf8 {1-0 (42) Matlakov,M (2701)-Swiercz,D (2645) Moscow 2017}) 15... Bxg2 16. Qc4 Qe7 {The position is equal.} ({Much worse is} 16... Bxf1 $6 17. Qxf7+ Kh8 18. Qh5 $16) 17. Kxg2 Nd4 18. Ne4 Ne6 19. Qd5 f5 20. Nxd6 Qxd6 21. Qxb7 Rab8 $132 {[%mdl 2048] Black is not keeping still} 22. Qf3 f4 23. Bd2 Nd4 24. Qe4 $1 Rxb2 {[#]} 25. Bxf4 $1 {[%mdl 512]} Nxe2 (25... exf4 26. Qxe8+) 26. Rc6 Nxf4+ 27. gxf4 Qd7 {...exf4 is the strong threat.} 28. Qc4+ Kh8 29. fxe5 $1 Rc2 30. Qxc2 Qg4+ 31. Kh1 Qf3+ 32. Kg1 Rxe5 {[%cal Re5g5] [#]} 33. Rc5 Qg4+ 34. Kh1 Qf3+ 35. Kg1 Qg4+ {Precision: White = 47%, Black = 79%.} 1/2-1/2

[Event "6th Altibox Norway Chess 2018"]
[Site "Stavanger"]
[Date "2018.06.02"]
[Round "5.2"]
[White "Carlsen, Magnus"]
[Black "Anand, Viswanathan"]
[Result "1/2-1/2"]
[WhiteElo "2843"]
[BlackElo "2760"]
[Annotator "TA"]
[PlyCount "89"]
[EventDate "2018.05.26"]
[EventType "tourn"]
[EventRounds "9"]
[EventCountry "NOR"]
[SourceTitle "playchess.com"]
[Source "ChessBase"]
[SourceQuality "1"]

{[%evp 22,89,4,4,25,10,16,13,32,19,26,33,31,24,29,8,17,8,8,8,8,6,6,0,0,7,15,0,6,4,6,4,1,5,11,0,0,0,0,0,0,0,0,0,0,-2,0,-7,0,-4,-4,-4,-4,-4,-4,-4,-4,-4,-4,-4,-4,-4,-4,-4,-4,-4,0,-4,0,-4]} 1. c4 c5 2. Nf3 Nc6 3. d4 cxd4 4. Nxd4 Nf6 5. Nc3 e6 6. a3 Be7 7. e4 O-O {A33: Symmetrical English: 2 Nf3 Nf6 3 d4 cxd4 4 Nxd4 e6 5 Nc3 Nc6} 8. Nf3 Qa5 9. Bd2 Qh5 10. Be2 d5 11. cxd5 exd5 12. exd5 {LiveBook: 12 Games} Nxd5 13. O-O {[#]} Nf6 $146 ({Predecessor:} 13... Rd8 14. Nd4 Qg6 15. Nxd5 Rxd5 16. Nxc6 bxc6 {1-0 (31) Wojtaszek,R (2734)-Borisek,J (2565) Berlin 2015}) 14. Nd4 Qc5 15. Nxc6 Qxc6 16. Bf3 Qa6 17. Re1 Be6 18. Qe2 Qxe2 {The position is equal.} 19. Nxe2 {Black should prevent Nf4.} Bg4 20. Bxg4 Nxg4 21. h3 Ne5 22. Nf4 Nc6 23. Nd5 Bd6 24. Bc3 f6 25. Rad1 {[#] And now Nxf6+! would win.} Rad8 26. Rd2 Kf7 27. Red1 {Threatening Nxf6.} Bb8 28. Kf1 Rfe8 29. Nb4 Rxd2 30. Rxd2 Bf4 31. Rd1 Rd8 32. Rxd8 Nxd8 $11 {[%mdl 4096] Endgame KBN-KBN} 33. Ke2 Bd6 34. Nc2 Nc6 35. Nd4 Nxd4+ 36. Bxd4 {KB-KB} a6 37. Kd3 Ke6 38. Be3 Kd5 39. f3 b5 40. Bd2 f5 41. Be1 g6 42. Bd2 Be7 43. Be1 Bd6 44. Bd2 Be7 45. Be1 {Precision: White = 73%, Black = 78%.} 1/2-1/2

[Event "6th Altibox Norway Chess 2018"]
[Site "Stavanger"]
[Date "2018.06.02"]
[Round "5.3"]
[White "Mamedyarov, Shakhriyar"]
[Black "Nakamura, Hikaru"]
[Result "1/2-1/2"]
[WhiteElo "2808"]
[BlackElo "2769"]
[Annotator "TA"]
[PlyCount "47"]
[EventDate "2018.05.26"]
[EventType "tourn"]
[EventRounds "9"]
[EventCountry "NOR"]
[SourceTitle "playchess.com"]
[Source "ChessBase"]
[SourceQuality "1"]

{[%evp 22,47,9,11,6,11,11,11,11,11,11,7,10,7,13,11,8,9,17,18,17,0,0,0,9,0,0,0]} 1. d4 Nf6 2. c4 e6 3. Nc3 Bb4 4. Qc2 O-O 5. a3 Bxc3+ 6. Qxc3 d5 7. Bg5 dxc4 {E36: Nimzo-Indian: Classical: 4...d5 5 a3} (7... h6 8. Bxf6 Qxf6 9. Nf3 c6 10. g3 Nd7 11. Bh3 b6 12. cxd5 cxd5 13. Qc6 Rb8 14. O-O Rd8 15. Rfc1 {½-½ (24) Mamedyarov,S (2809)-Aronian,L (2794) Berlin 2018}) 8. Qxc4 b6 9. Rd1 Ba6 10. Qa4 h6 11. Bh4 Qe7 12. Nf3 {LiveBook: 8 Games. The position is equal.} Rd8 13. e3 Bxf1 14. Rxf1 c5 15. dxc5 {Black should prevent Bxf6.} Rxd1+ 16. Qxd1 g5 $146 ({Predecessor:} 16... bxc5) 17. Bg3 Qxc5 18. Qd8+ Kg7 19. Be5 Qc1+ 20. Ke2 Qc4+ 21. Ke1 Qc1+ 22. Ke2 Qc4+ 23. Ke1 Qc1+ 24. Ke2 1/2-1/2

[Event "6th Altibox Norway Chess 2018"]
[Site "Stavanger"]
[Date "2018.06.02"]
[Round "5.4"]
[White "Vachier-Lagrave, Maxime"]
[Black "Aronian, Levon"]
[Result "1/2-1/2"]
[WhiteElo "2789"]
[BlackElo "2764"]
[Annotator "TA"]
[PlyCount "49"]
[EventDate "2018.05.26"]
[EventType "tourn"]
[EventRounds "9"]
[EventCountry "NOR"]
[SourceTitle "playchess.com"]
[Source "ChessBase"]
[SourceQuality "1"]

{[%evp 23,49,14,24,0,16,10,9,11,7,12,20,-12,-12,-12,-7,-10,0,-3,-18,-40,0,-29,0,-26,0,-18,0,-20]} 1. d4 Nf6 2. c4 e6 3. Nc3 Bb4 4. Nf3 c5 5. g3 cxd4 6. Nxd4 O-O 7. Bg2 d5 8. cxd5 Nxd5 9. Qb3 Nc6 10. Nxc6 bxc6 11. O-O {[%cal Bh1f1,Bf1d1,Bd1d4][%mdl 32]} Rb8 {E20: Nimzo-Indian: 4 g3 and 4 f3} (11... Qa5 12. Ne4 Ba6 13. Qc2 Rfc8 14. Rd1 h6 15. Bf3 Be7 16. Bd2 Qb6 17. Nc3 Rab8 18. b3 Rd8 19. Na4 Qb5 {1-0 (43) Yu,Y (2734)-Zhao,J (2622) Wuxi 2016}) 12. Qc2 Ba6 {LiveBook: 4 Games} 13. Rd1 {[#]} Bxc3 $146 ({Predecessor:} 13... Qa5 14. Bd2 h6 15. e4 Nxc3 16. Bxc3 Bxc3 17. bxc3 Qa3 18. Rab1 Bc4 19. Rxb8 Rxb8 {½-½ (44) Serna Lara,S (2247)-Suba,M (2507) Albacete 2008}) 14. bxc3 {[#] e4 is the strong threat.} Qa5 15. Bb2 Bc4 16. Rd4 Qa6 17. e4 Nb6 18. a4 e5 19. Rd2 Qa5 20. Rd6 c5 21. Bh3 Nc8 22. Rd2 Nb6 23. Rd6 Nc8 24. Rd2 Nb6 25. Rd6 1/2-1/2

[Event "6th Altibox Norway Chess 2018"]
[Site "Stavanger"]
[Date "2018.06.02"]
[Round "5.5"]
[White "Caruana, Fabiano"]
[Black "Karjakin, Sergey"]
[Result "1-0"]
[WhiteElo "2822"]
[BlackElo "2782"]
[Annotator "TA"]
[PlyCount "81"]
[EventDate "2018.05.26"]
[EventType "tourn"]
[EventRounds "9"]
[EventCountry "NOR"]
[SourceTitle "playchess.com"]
[Source "ChessBase"]
[SourceQuality "1"]

{[%evp 12,81,10,7,13,6,2,0,8,-21,15,0,27,6,43,38,45,33,52,54,131,50,165,158,156,169,167,125,131,107,114,113,129,85,93,85,90,84,78,91,72,71,166,149,152,140,180,172,168,173,275,199,253,221,237,210,204,183,310,305,529,503,785,618,622,604,778,778,778,774,733,652]} 1. c4 Nf6 2. Nc3 e5 3. Nf3 Nc6 4. e3 Bb4 5. Qc2 Bxc3 6. Qxc3 Qe7 7. b3 {LiveBook: 8 Games. A28: English Opening: Four Knights Variation} (7. Be2 d5 8. cxd5 Nxd5 9. Qb3 Nb6 10. d3 Bg4 11. Bd2 O-O-O 12. Rc1 f5 13. h3 Bh5 14. Qa3 Qxa3 15. bxa3 Bxf3 16. gxf3 {0-1 (52) Oleksienko,M (2615)-Navara,D (2726) Germany 2018}) 7... O-O 8. Bb2 {[%cal Rf3e5]} Re8 9. a3 {The position is equal.} a5 10. h3 $146 ({Predecessor:} 10. d3 d5 11. cxd5 Nxd5 12. Qc2 Bg4 13. Be2 Rad8 14. O-O Rd6 15. Qc4 Qd7 16. Rac1 {0-1 (31) Van Wely,L (2570)-Piket,J (2570) Wijk aan Zee 1996}) 10... b6 11. Be2 Bb7 12. O-O d5 13. cxd5 Nxd5 14. Qc2 e4 15. Nh2 Qg5 {[#]} ({Better is} 15... Rad8 $14) 16. f4 (16. f3 $1 $16) 16... exf3 (16... Qh4 $14) 17. Nxf3 $18 ({But not} 17. Bxf3 $6 Ne5 $14) 17... Qg3 18. Rf2 Rad8 19. Bc4 Nf6 20. Bxf6 gxf6 21. Raf1 {[#] Strongly threatening Bxf7+!} Rd6 22. b4 axb4 23. axb4 {[%cal Ba3b4,Bb4b5][%mdl 32]} Re7 24. b5 Ne5 25. Nd4 {Threatens to win with Nf5.} Bc8 26. Kh1 Kg7 (26... f5 $16 27. Nxf5 Bxf5 28. Rxf5 Nxc4 29. Qxc4 Rxd2) 27. Be2 {[%cal Bc4e2,Be2d1,Bd1c2,Bc2f5][%mdl 32]} Kh8 28. Qc3 Kg7 29. Bd1 Kg8 30. Bc2 Qh4 (30... Kh8 $142 31. Be4 h6) 31. Rf4 Qg3 (31... Qg5 {is a better defense.} 32. R4f2 Kh8) 32. Bf5 Bb7 {[%csl Gb7][%cal Rg3g2]} 33. Be4 Bc8 34. Qa3 $36 {[%mdl 2048] aiming for Qa8. White has strong initiative.} Kg7 (34... Re8 $142 35. Qa2 Bd7) 35. Qa8 Bxh3 $2 (35... Bd7 {was worth a try.} 36. Bf5 Re8) 36. gxh3 {Nf5+ would kill now.White is clearly winning.} Qxh3+ 37. Kg1 Rxd4 38. Bg2 ({Weaker is} 38. exd4 Qg3+ 39. Bg2 Ng4 $16) 38... Qg3 39. Rxd4 Ng4 40. Rf3 Qe1+ 41. Bf1 {Precision: White = 74%, Black = 42%.} 1-0

[Event "6th Altibox Norway Chess 2018"]
[Site "Stavanger"]
[Date "2018.06.03"]
[Round "6.2"]
[White "Aronian, Levon"]
[Black "Caruana, Fabiano"]
[Result "1/2-1/2"]
[WhiteElo "2764"]
[BlackElo "2822"]
[Annotator "TA"]
[PlyCount "56"]
[EventDate "2018.05.26"]
[EventType "tourn"]
[EventRounds "9"]
[EventCountry "NOR"]
[SourceTitle "playchess.com"]
[Source "ChessBase"]
[SourceQuality "1"]

{[%evp 16,56,16,15,24,28,35,33,36,37,42,41,35,29,20,28,31,20,21,16,18,16,16,16,25,0,0,0,0,0,0,0,0,0,0,0,0,0,0,0,0,0,0]} 1. d4 Nf6 2. Nf3 d5 3. c4 e6 4. Nc3 dxc4 5. e4 Bb4 6. Bxc4 {D24: Queen's Gambit Accepted: 3 Nf3 Nf6 4 Nc3} (6. Bg5 h6 7. Bxf6 Qxf6 8. Bxc4 c5 9. O-O cxd4 10. e5 Qd8 11. Ne4 O-O 12. Qe2 Be7 13. Rad1 Qc7 14. Bd3 Nd7 15. Rc1 Qa5 16. g4 Nxe5 17. Nxe5 Qxe5 {0-1 (37) Aronian,L (2794)-Caruana,F (2784) Berlin 2018}) 6... Nxe4 7. O-O Nf6 (7... Nxc3 8. bxc3 Be7 9. Ne5 O-O 10. Re1 Nc6 11. Qg4 f5 12. Qf3 Nxe5 13. Rxe5 Kh8 {½-½ (37) Karjakin,S (2763)-Mamedyarov,S (2809) Moscow 2018}) 8. Qa4+ Nc6 9. Ne5 {LiveBook: 3 Games} Rb8 10. d5 $146 ({Predecessor:} 10. Nxc6 bxc6 11. Qxc6+ Qd7 12. Qxd7+ Bxd7 13. Bg5 O-O {1-0 (52) Halkias,S (2580)-Fressinet,L (2670) Rijeka 2010}) 10... exd5 11. Nxd5 Nxd5 12. Nxc6 bxc6 13. Qxc6+ Qd7 14. Bxd5 O-O 15. Qxd7 Bxd7 16. Be3 Bd6 17. b3 a5 18. Rfd1 a4 19. Rac1 axb3 20. axb3 Rfe8 {The position is equal.} 21. h3 Be6 22. Bxe6 Rxe6 23. Bc5 Bxc5 24. Rxc5 g6 25. Rxc7 Rxb3 26. Rcd7 Rb8 27. Rd8+ Rxd8 28. Rxd8+ Kg7 {Precision: White = 91%, Black = 81%.} 1/2-1/2

[Event "6th Altibox Norway Chess 2018"]
[Site "Stavanger"]
[Date "2018.06.03"]
[Round "6.3"]
[White "Nakamura, Hikaru"]
[Black "Vachier-Lagrave, Maxime"]
[Result "1/2-1/2"]
[WhiteElo "2769"]
[BlackElo "2789"]
[Annotator "TA"]
[PlyCount "82"]
[EventDate "2018.05.26"]
[EventType "tourn"]
[EventRounds "9"]
[EventCountry "NOR"]
[SourceTitle "playchess.com"]
[Source "ChessBase"]
[SourceQuality "1"]

{[%evp 9,82,1,25,14,35,36,37,35,43,37,35,40,58,65,77,45,56,57,58,59,46,44,53,29,23,30,29,22,52,25,25,15,60,-11,0,-18,0,-29,-25,-29,0,0,0,-6,0,0,0,0,0,0,0,0,0,0,0,0,0,0,0,0,0,0,0,0,0,0,0,0,0,0,0,0,0,0,0]} 1. e4 c5 2. Nc3 d6 3. d4 cxd4 4. Qxd4 Nc6 5. Qd2 g6 (5... Nf6 6. b3 e6 7. Bb2 a6 8. O-O-O b5 9. f3 h5 10. Nh3 Be7 11. Ng5 {1-0 (31) Carlsen,M (2843)-Wojtaszek,R (2744) Shamkir 2018}) 6. b3 {B23: Closed Sicilian: Lines without g3} Bg7 7. Bb2 $1 Nf6 8. O-O-O {White is slightly better.} O-O 9. Kb1 Qa5 $146 ({Predecessor:} 9... Be6 10. f3 Qa5 11. g4 {1-0 (56) Langner,J (1836)-Perkampus,L (1805) Willingen 2018}) 10. Nge2 e5 11. f3 Rd8 12. Nd5 (12. g4 {feels hotter.} Be6 13. g5 Nh5 14. h4 b5 15. Bh3) 12... Qxd2 13. Nxf6+ Bxf6 14. Rxd2 Bg5 15. Rd1 Be6 16. Nc3 Nd4 17. Bd3 Rac8 18. Rhf1 Nc6 {[%cal Bd4c6,Bc6e7,Be7g6][%mdl 32]} 19. a3 Ne7 20. Ne2 Be3 21. h3 (21. f4 $1 $14) 21... g5 22. a4 f6 23. c4 Ng6 24. Bc1 Bxc1 (24... Bc5 {is more complex.} 25. Rh1 a6 26. Kb2 Kf7 27. h4 gxh4 28. f4 exf4 29. Nxf4 Nxf4 30. Bxf4 Bd4+) 25. Nxc1 {The position is equal.} h5 26. Rf2 h4 27. Rfd2 Kf7 28. Ne2 Ke7 29. Kb2 Nf4 30. Nc3 a5 31. Bf1 b6 32. Bd3 Rc5 33. Bc2 Rc7 34. Re1 Rc5 35. Nd1 Rc6 36. Ne3 Rc7 37. Red1 Rc6 38. Bd3 Rc7 39. Bc2 Rc6 40. Bd3 Rc7 41. Bc2 Rc6 {Precision: White = 70%, Black = 60%.} 1/2-1/2